Inventario de información cartográfica de Catalunya 1973 / [coordinación técnica: Joanquín Capellades, José Castelltort] Joanquín Capellades, José Castelltort]
Descripción Física:
38 p., [250] f., 4 transparències : taules, map. ; 29 cm
Colección:
Series bibliografias ; 3
MARC
| LEADER | 00000nam a2200000Ia 4500 | ||
|---|---|---|---|
| 001 | 21996 | ||
| 008 | 160829s1973 xx 000 0 cat d | ||
| 080 | |a C-2-509 | ||
| 245 | |a Inventario de información cartográfica de Catalunya 1973 / [coordinación técnica: |b Joanquín Capellades, José Castelltort] | ||
| 260 | |a Barcelona : |b Consorcio de Información y Documentación de Cataluña, |c 1973 | ||
| 300 | |a 38 p., [250] f., 4 transparències : |b taules, map. ; |c 29 cm | ||
| 490 | |a Series bibliografias ; 3 | ||
| 650 | |a Cartografia |x Catàlegs |x Catalunya |9 39434 | ||
| 650 | |a Catalunya |x Mapes |x Catàlegs |9 21086 | ||
| 700 | |a Capellades, Joaquim, coord. |9 39435 | ||
| 700 | |a Castelltort, Josep, coord. |9 39436 | ||
| 710 | 2 | |a Consorcio de Información y Documentación de Cataluña |9 54863 | |
| 901 | |a Arxiu | ||
| 942 | |n 1 |2 udc | ||
| 952 | |0 0 |1 0 |4 0 |6 C2509 |7 1 |9 49008 |a Arxiu |b Arxiu |d 2016-12-01 |l 0 |o C-2-509 |p 21996 |r 2016-12-01 00:00:00 |w 2016-12-01 |y ARXIU | ||
| 999 | |c 52843 |d 52843 | ||